La crónica rimada de las cosas de España: Restaurada por Eduardo de la Barra, de la Real Academia Española, para el VI Congreso Científico de Chile celebrado en La Serena el año 1900 bajo la Presidencia del Dr. D. Máximo Cienfuegos
Salvato in:
| Autore principale: | |
|---|---|
| Natura: | Libro |
| Lingua: | spagnolo |
| Pubblicazione: |
Santiago
Imprenta Cervantes
1900
|
| Edizione: | 1a. ed |
| Soggetti: | |
| Tags: |
Aggiungi Tag
Nessun Tag, puoi essere il primo ad aggiungerne!!
|
MARC
| LEADER | 00000nam a2200000 a 4500 | ||
|---|---|---|---|
| 001 | UCJ4083 | ||
| 003 | CL-VaPUC | ||
| 008 | 070124e19000000CL |||||||||||||||||spa|d | ||
| 082 | 0 | 4 | |a Ch861 |b BAR |2 21 |
| 100 | 0 | |a Barra, Eduardo de la |e author |9 390300 | |
| 245 | 1 | 3 | |a La crónica rimada de las cosas de España: Restaurada por Eduardo de la Barra, de la Real Academia Española, para el VI Congreso Científico de Chile celebrado en La Serena el año 1900 bajo la Presidencia del Dr. D. Máximo Cienfuegos |
| 250 | |a 1a. ed | ||
| 300 | |a 111 p | ||
| 942 | |c BK | ||
| 945 | |d 20070124 00:00:00 |a rinostro | ||
| 260 | |a Santiago |b Imprenta Cervantes |c 1900 | ||
| 650 | 0 | |a Poesía española |9 264938 | |
| 650 | 0 | |a Crítica literaria |9 269189 | |
| 650 | 7 | |a EPICA ESPAÑOLA |2 CL-VaPUC |9 317117 | |
| 650 | 7 | |a POESIA JUGLARESCA |2 CL-VaPUC |9 506963 | |
| 583 | |a last modification |c 20070124 00:00:00 |k Rodrigo Vera | ||
| 999 | |c 320200 |d 320198 | ||
| 952 | |0 0 |1 0 |4 0 |6 CH_861_000000000000000_BAR_1900 |7 0 |8 X |9 398677 |a FDOBUD |b FDOBUD |d 2019-11-22 |i 1013157 |o Ch861 BAR 1900 |p 1013157 |r 2019-11-22 |w 2019-11-22 |y BK_X |k BUD | ||